ARRUPE JESUIT UNIVERSITY

CORONAVIRUS -STOP THE SPREAD - CLEAN,DISINFECT,COVER

Studies in New Testament ethics. (Record no. 123331)

MARC details
000 -LEADER
fixed length control field 00657cam a2200241I 4500
001 - CONTROL NUMBER
control field 4682834
003 - CONTROL NUMBER IDENTIFIER
control field ARRUPE
005 - DATE AND TIME OF LATEST TRANSACTION
control field 20150909141905.0
008 - FIXED-LENGTH DATA ELEMENTS--GENERAL INFORMATION
fixed length control field 730410s1961 stk 000 0 eng d
035 ## - SYSTEM CONTROL NUMBER
System control number (OCoLC)ocm00599796
035 ## - SYSTEM CONTROL NUMBER
System control number (NNC)4682834
040 ## - CATALOGING SOURCE
Original cataloging agency KEN
Transcribing agency KEN
Modifying agency UKM
-- BWE
050 0# - LIBRARY OF CONGRESS CALL NUMBER
Classification number BJ 1025.L5 1961
098 ## - OTHER CLASSIFICATION SCHEMES (OCLC)
Call number based on other classification scheme FY
300 ## - PHYSICAL DESCRIPTION
Dimensions 23 cm.
100 1# - MAIN ENTRY--PERSONAL NAME
Personal name Lillie, W.
Fuller form of name (William)
9 (RLIN) 19621
245 10 - TITLE STATEMENT
Title Studies in New Testament ethics.
260 ## - PUBLICATION, DISTRIBUTION, ETC. (IMPRINT)
Place of publication, distribution, etc Edinburgh,
Name of publisher, distributor, etc Oliver and Boyd
Date of publication, distribution, etc [1961]
300 ## - PHYSICAL DESCRIPTION
Extent ix, 189 p.
504 ## - BIBLIOGRAPHY, ETC. NOTE
Bibliography, etc Includes bibliographical references.
650 #0 - SUBJECT ADDED ENTRY--TOPICAL TERM
Topical term or geographic name as entry element Ethics in the Bible.
9 (RLIN) 3619
942 ## - ADDED ENTRY ELEMENTS (KOHA)
Source of classification or shelving scheme Library of Congress Classification
Koha item type Monograph ( Printed materials)
Holdings
Withdrawn status Lost status Source of classification or shelving scheme Damaged status Not for loan Home library Current library Date acquired Total Checkouts Full call number Barcode Date last seen Price effective from Koha item type
    Library of Congress Classification     ARRUPE LIBRARY ARRUPE LIBRARY 09/09/2015   BJ 1025.L5 1961 46400262 22/09/2016 09/09/2015 Monograph ( Printed materials)

 

Arrupe Library. PO Box MP320 Mt Pleasant, Harare, Zimbabwe
263 242 745411|librarian@aju.ac.zw